Implementácia a dodržiavanie etického kódexu vo vybranej organizácii bakalárska práca

Salvato in:
Dettagli Bibliografici
Autore principale: Antožyová, Natália
Ente Autore: Podnikovohospodárska fakulta EU so sídlom v Košiciach. Katedra manažmentu
Altri autori: Tutková, Petra, 1987-
Natura: Libro
Lingua:slovacco
Pubblicazione: Košice 2012
Tags: Aggiungi Tag
Nessun Tag, puoi essere il primo ad aggiungerne!!

MARC

LEADER 00000nbm a2200000 4500
001 0155694
005 20161109111910.0
041 0 |a slo 
044 |a SK 
245 1 0 |a Implementácia a dodržiavanie etického kódexu vo vybranej organizácii  |b bakalárska práca  |c Natália Antožyová ; školiteľ: Petra Tutková 
264 1 |a Košice  |c 2012 
300 |a 51 s. 
100 1 |a Antožyová, Natália 
700 1 |a Tutková, Petra, 1987- 
710 2 |a Podnikovohospodárska fakulta EU so sídlom v Košiciach. Katedra manažmentu